000 00459nam a2200169Ia 4500
008 180424s9999 xx 000 0 und d
084 _a813.034D S1
100 _a"Simpson, Claude M"
245 0 _aTwentieth Century Interpretations of Adventures of Huckleberry Finn
250 _a\\196800ENGGPSX
260 _aPrentice Hall
260 _b1968
260 _cEnglewood Cliffs
300 _a118p
500 _aincludes index and biblioraphy
942 _cBK
999 _c33494
_d33494